000
00325nam a2200145Ia 4500
008
230718s9999 xx 000 0 und d
041
_a
Eng.
082
_a
823
_b
SHO-C
100
_a
Shorts, Edwin
245
0
_a
Civil liberties
260
_a
Pakistan
_b
Sweet & Maxwell
_c
1988
300
_a
665
650
_a
Law
999
_c
26859
_d
26859